Alarm systems and theft prevention / (Record no. 183390)
[ view plain ]
| 000 -LEADER | |
|---|---|
| fixed length control field | 01616 a2200217 4500 |
| 003 - CONTROL NUMBER IDENTIFIER | |
| control field | Nust |
| 005 - DATE AND TIME OF LATEST TRANSACTION | |
| control field | 20221229152623.0 |
| 010 ## - LIBRARY OF CONGRESS CONTROL NUMBER | |
| LC control number | 73078572 |
| 020 ## - INTERNATIONAL STANDARD BOOK NUMBER | |
| International Standard Book Number | 0913708119 |
| 040 ## - CATALOGING SOURCE | |
| Transcribing agency | Nust |
| 082 00 - DEWEY DECIMAL CLASSIFICATION NUMBER | |
| Classification number | 621.3892,WEB |
| 100 1# - MAIN ENTRY--PERSONAL NAME | |
| Personal name | Weber, Thad L. |
| 9 (RLIN) | 106412 |
| 245 10 - TITLE STATEMENT | |
| Title | Alarm systems and theft prevention / |
| Statement of responsibility, etc. | [by] Thad L. Weber. |
| 250 ## - EDITION STATEMENT | |
| Edition statement | [1st ed. |
| 260 ## - PUBLICATION, DISTRIBUTION, ETC. | |
| Place of publication, distribution, etc. | Los Angeles] |
| Name of publisher, distributor, etc. | Security World Pub. Co. |
| Date of publication, distribution, etc. | [1973] |
| 300 ## - PHYSICAL DESCRIPTION | |
| Extent | xviii, 385 p. |
| Dimensions | 24 cm. |
| 505 ## - FORMATTED CONTENTS NOTE | |
| Formatted contents note | Introduction (Page-1), Basic burglary (Page-5), Sophisticated burglary (Page-9), Underwriters laboratories (Page-27), Shopping centre burglary (Page-47), Ultrasonic intrusion alarm systems (Page-56), Environmental causes of false alarms (Page-65), Microwave motion detection (Page 76)9, Hit and run attacks against glass (Page-87), Burglary through unprotected points (Page-92), Residential alarm systems (Page-110), Alarm defeat by lock picking (Page-112), Problems of police connected alarms (Page 120), Oversights in security (Page-126), Attack against alarm telephone circuits (Page-132), First U.S defeat of central station direct connect (Page-138), Remote defeat of alarm telephone circuits (Page 143), Alarm line security (Page-152), Business skills in criminal attack (Page-168), Dual central station protection (Page-171), The thermal lance or burning bar (Page-180), Safe choice and considerations (Page-186), Imported tough safes (Page-200), Robbery attacks (Page-261), The diamond switch (page 308), The consultants role (Page-370). |
| 650 #0 - SUBJECT ADDED ENTRY--TOPICAL TERM | |
| Topical term or geographic name entry element | Burglar alarms. |
| 9 (RLIN) | 106413 |
| 650 #0 - SUBJECT ADDED ENTRY--TOPICAL TERM | |
| Topical term or geographic name entry element | Burglary protection. |
| 9 (RLIN) | 84959 |
| 942 ## - ADDED ENTRY ELEMENTS (KOHA) | |
| Source of classification or shelving scheme | |
| Koha item type | Book |
| Withdrawn status | Lost status | Source of classification or shelving scheme | Damaged status | Not for loan | Permanent Location | Current Location | Shelving location | Date acquired | Full call number | Barcode | Date last seen | Price effective from | Koha item type | Public note |
|---|---|---|---|---|---|---|---|---|---|---|---|---|---|---|
| Military College of Signals (MCS) | Military College of Signals (MCS) | General Stacks | 12/12/2016 | 621.3892,WEB | MCS6681 | 12/08/2016 | 12/12/2016 | Book | Almirah No.39, Shelf No.6 |
